000 00360nam a22001217a 4500
999 _c9762
_d9762
003 OSt
008 201203b ||||| |||| 00| 0 eng d
245 _aForeign Trade Review
250 _a2014(Feb Vol.49 No.1, May Vol.49 No.2, Aug Vol.49 No.3, Nov Vol.49 No.4)
260 _aNew Delhi
_bIndian Institute of Foreign Trade
650 _aManagement
942 _2ddc
_cBV